书目信息 |
| 题名: |
江浙访书记
|
|
| 作者: | 谢国桢 著 | |
| 分册: | ||
| 出版信息: | 北京 三联书店 1985.12 |
|
| 页数: | 417页 | |
| 开本: | 19cm | |
| 丛书名: | ||
| 单 册: | ||
| 中图分类: | Z822.1 | |
| 科图分类: | ||
| 主题词: | 图书馆目录 | |
| 电子资源: | ||
| ISBN: | ||
| 000 | 00518nam0 2200193 45 | |
| 001 | 0181015526 | |
| 005 | 20060413094722.53 | |
| 010 | @dCNY2.10 | |
| 091 | @a7002.66 | |
| 100 | @a20810111d km y0chiy0120 ea | |
| 101 | 0 | @achi |
| 200 | 1 | @a江浙访书记@Ajiang zhe fang shu ji@f谢国桢著@Fxie guo zhen zhu |
| 210 | @a北京@c三联书店@d1985.12 | |
| 215 | @a417页@c照片@d19cm | |
| 606 | 0 | @a图书馆目录 |
| 690 | @aZ822.1@v3 | |
| 701 | 0 | @a谢国桢@Axie guo zhen@4著 |
| 801 | @aCN@bTSTC@c20060413 | |
| 905 | @dZ822.1@e6@f1@b164623 | |
| 江浙访书记/谢国桢著.-北京:三联书店,1985.12 |
| 417页:照片;19cm |
| ISBN :CNY2.10 |
| ● |
| 相关链接 |
|
|
|
|
正题名:江浙访书记
索取号:Z822.1/6
 
预约/预借
| 序号 | 登录号 | 条形码 | 馆藏地/架位号 | 状态 | 备注 |
| 1 | 0164623 | 001317122 | 第三借阅区/ [索取号:Z822.1/6] | 在馆 | |
| 2 | 0164625 | 202257324 | 密集书库/ [索取号:Z822.1/6] | 在馆 |